Statistics for Daily U.S. State Riddle #19

Click here to take the quiz!

General Stats

  • This quiz has been taken 78 times
  • The average score is 29 of 33

Answer Stats

TypeAnswer% Correct
Found LetterE
100%
Found LetterN
100%
Alphabet LetterO
100%
Alphabet LetterR
100%
Alphabet LetterM
99%
Found LetterA
97%
Alphabet LetterI
97%
Alphabet LetterS
97%
Alphabet LetterT
97%
Alphabet LetterH
96%
Alphabet LetterW
96%
Alphabet LetterL
94%
Found LetterD
93%
Alphabet LetterC
90%
Alphabet LetterK
90%
Alphabet LetterG
88%
Alphabet LetterB
87%
Alphabet LetterU
87%
Alphabet LetterX
87%
Alphabet LetterF
85%
Alphabet LetterY
85%
Correctly Placed LetterA
81%
Alphabet LetterZ
79%
Correctly Placed LetterA
78%
Found LetterV
78%
Alphabet LetterP
76%
Alphabet LetterJ
74%
Correctly Placed LetterD
72%
Correctly Placed LetterE
72%
Correctly Placed LetterN
72%
Mystery U.S. StateNevada
72%
Alphabet LetterQ
72%
Correctly Placed LetterV
72%

Score Distribution

Percentile by Number Answered

Percent of People with Each Score

Your Score History

You have not taken this quiz